COMMENTARY ON THE RIGHT TO INFORMATION ACT. (Record no. 216962)

MARC details
000 -LEADER
fixed length control field 00558nam a22001937a 4500
008 - FIXED-LENGTH DATA ELEMENTS--GENERAL INFORMATION
fixed length control field 260415b |||||||| |||| 00| 0 eng d
020 ## - INTERNATIONAL STANDARD BOOK NUMBER
International Standard Book Number 978-81-19403-49-3
050 ## - LIBRARY OF CONGRESS CALL NUMBER
Classification number KNS 1730 .B37 2024
100 ## - MAIN ENTRY--PERSONAL NAME
Personal name BAROWALIA, DR. J N
245 ## - TITLE STATEMENT
Title COMMENTARY ON THE RIGHT TO INFORMATION ACT.
250 ## - EDITION STATEMENT
Edition statement 6TH
260 ## - PUBLICATION, DISTRIBUTION, ETC.
Place of publication, distribution, etc. INDIA,
Name of publisher, distributor, etc. LEXISNEXIS,
Date of publication, distribution, etc. 2024.
300 ## - PHYSICAL DESCRIPTION
Extent LXVIII, 1822 P,
500 ## - GENERAL NOTE
General note INCLUDES INDEX.
650 ## - SUBJECT ADDED ENTRY
Topical term or geographic name entry element FREEDOM OF INFORMATION- LAW AND LEGISLATION- INDIA
700 ## - ADDED ENTRY--PERSONAL NAME
Personal name BAROWALIA, ABHISHEK.
942 ## - ADDED ENTRY ELEMENTS (KOHA)
Source of classification or shelving scheme Library of Congress Classification
Koha item type Long Loan Book
Holdings
Withdrawn status Lost status Source of classification or shelving scheme Damaged status Not for loan Collection Home library Current library Shelving location Date acquired Inventory number Total checkouts Full call number Barcode Date last seen Copy number Price effective from Koha item type
    Library of Congress Classification     Law Kisii University Library Kisii University Library On Display 04/15/2026 112956   KNS 1730 .B37 2024 a001590 04/15/2026 1 04/15/2026 Long Loan Book
    Library of Congress Classification     Law Kisii University Library Kisii University Library On Display 04/15/2026 112957   KNS 1730 .B37 2024 a001589 04/15/2026 2 04/15/2026 Long Loan Book
    Library of Congress Classification     Law Kisii University Library Kisii University Library On Display 04/15/2026 112958   KNS 1730 .B37 2024 a001588 04/15/2026 3 04/15/2026 Long Loan Book
    Library of Congress Classification     Law Kisii University Library Kisii University Library On Display 04/15/2026 112959   KNS 1730 .B37 2024 a001587 04/15/2026 4 04/15/2026 Long Loan Book